| 000 | 00740nam a2200205Ia 4500 | ||
|---|---|---|---|
| 005 | 20251020182533.0 | ||
| 008 | 200515s9999 xx 000 0 und d | ||
| 082 | _a712.369/P33 | ||
| 100 | _aPAZ, Francisco Javier Alonso de la | ||
| 245 | 0 | _aMini jardines : composición en pequeños espacios | |
| 260 | _aMadrid | ||
| 260 | _c2000 | ||
| 500 | _a1 ejemplar | ||
| 520 | _aSe presenta de una forma práctica cómo incorporar al entorno ajardinado de su hogar cualquier especie vegetal que se ajuste a las condiciones de cultivo en recipientes a las condiciones de cultivo en recipientes o terrenos de escasas dimensiones | ||
| 650 | _aBALCONES | ||
| 650 | _aJARDINES | ||
| 650 | _aLIB | ||
| 650 | _aPLANTAS ACUATICAS | ||
| 942 | _cLIB | ||
| 999 |
_c2135 _d2135 |
||